Reference manager : Version 5 for MS-DOS
Na minha lista:
| Autor Corporativo: | |
|---|---|
| Formato: | Livro |
| Idioma: | Undetermined |
| Publicado em: |
U.S.A.
RIS (Research information systems, Inc.)
1992
|
| Assuntos: | |
| Tags: |
Adicionar Tag
Sem tags, seja o primeiro a adicionar uma tag!
|
| Thư viện lưu trữ: | Trung tâm Học liệu Trường Đại học Cần Thơ |
|---|
| LEADER | 00596nam a2200193Ia 4500 | ||
|---|---|---|---|
| 001 | CTU_160639 | ||
| 008 | 210402s9999 xx 000 0 und d | ||
| 082 | |a 005.4 | ||
| 082 | |b R332 | ||
| 110 | |a RIS (Research information systems, Inc.) | ||
| 245 | 0 | |a Reference manager : | |
| 245 | 0 | |b Version 5 for MS-DOS | |
| 245 | 0 | |c RIS (Research information systems, Inc.) | |
| 260 | |a U.S.A. | ||
| 260 | |b RIS (Research information systems, Inc.) | ||
| 260 | |c 1992 | ||
| 650 | |a DOS (Computer programs),Operating systems | ||
| 904 | |i Giang | ||
| 980 | |a Trung tâm Học liệu Trường Đại học Cần Thơ | ||